Govt. of
Madhya Pradesh

Normal view MARC view

Entry Topical Term

Number of records used in: 1

001 - CONTROL NUMBER

  • control field: 24483

003 - CONTROL NUMBER IDENTIFIER

  • control field: OSt

005 - DATE AND TIME OF LATEST TRANSACTION

  • control field: 20151229174753.0

008 - FIXED-LENGTH DATA ELEMENTS

  • fixed length control field: 151229|| aca||aabn | a|a d

040 ## - CATALOGING SOURCE

  • Original cataloging agency: OSt
  • Transcribing agency: OSt

150 ## - HEADING--TOPICAL TERM

  • Topical term or geographic name entry element: Religion

670 ## - SOURCE DATA FOUND

  • Source citation: Work cat.: (OSt)37478: J M Dent & Sons LTD 24482, The Little Flowers & the Life of St Francis with the Mirror of Perfection